[Event "RN-2016-0-01141"]
[Site "LSS email"]
[Date "2016.05.30"]
[Round "?"]
[White "Lenz, Juergen"]
[Black "Szimuly, Laszlo"]
[Result "1-0"]
[WhiteElo "1102"]
[BlackElo "800"]
[PlyCount "29"]
[EventDate "2016.05.21"]
[EventType "tourn (corr)"]
[EventRounds "6"]
[EventCountry "GER"]
[SourceTitle "Corr 2022"]
[Source "ChessBase"]
[SourceDate "2021.10.24"]
[SourceVersion "1"]
[SourceVersionDate "2021.10.24"]
[SourceQuality "1"]

1. d4 Nf6 2. Nf3 e6 3. Bf4 d5 4. e3 Bd6 5. Ne5 0-0 6. Bd3 Nbd7 7. Bg3 Re8 8. f4 Ne4 9. Bxe4 dxe4 10. 0-0 Nxe5 11. fxe5 Bf8 12. Qg4 Qd5 13. Nd2 Be7 14. c4 Qc6 15. Qxe4 1-0

[Event "OP-2016-0-04055"]
[Site "LSS email"]
[Date "2016.05.25"]
[Round "?"]
[White "Szimuly, Laszlo"]
[Black "Chura, Michal"]
[Result "0-1"]
[WhiteElo "800"]
[BlackElo "1510"]
[PlyCount "34"]
[EventDate "2016.05.20"]
[EventType "tourn (corr)"]
[EventRounds "4"]
[EventCountry "GER"]
[SourceTitle "Corr 2022"]
[Source "ChessBase"]
[SourceDate "2021.10.24"]
[SourceVersion "1"]
[SourceVersionDate "2021.10.24"]
[SourceQuality "1"]

1. c4 e6 2. e3 Nf6 3. Nc3 c5 4. d4 cxd4 5. exd4 Bb4 6. Bd2 0-0 7. Nf3 d5 8. Be2 Nc6 9. Be3 Ne4 10. Nd2 Nxc3 11. bxc3 Bxc3 12. c5 Bxa1 13. Qxa1 b6 14. Nb3 a5 15. Qc3 Ba6 16. Bxa6 Rxa6 17. 0-0 Qc7 0-1